Concorde diplomacy <the> ambassador's role in the world today

Uložené v:
Podrobná bibliografia
Hlavný autor: Jackson, Geoffrey
Médium: Kniha
Jazyk:English
Vydavateľské údaje: London Hamish Hamilton 1981
Predmet:
Tagy: Pridať tag
Žiadne tagy, Buďte prvý, kto otaguje tento záznam!

MARC

LEADER 00000nam$a2200000$$$4500
001 0071130
005 20221207103759.9
020 |a 0-241-10524-2 
041 0 |a eng 
044 |a GB 
245 1 0 |a Concorde diplomacy  |b <the> ambassador's role in the world today  |c by Sir Geoffrey Jackson 
264 1 |a London  |b Hamish Hamilton  |c 1981 
300 |a 254 s. 
610 2 0 |a diplomacia 
610 2 0 |a diplomati 
610 2 0 |a osobnosť 
610 2 0 |a politika medzinárodná 
610 2 0 |a konflikty medzinárodné 
610 2 0 |a vzťahy medzinárodné 
100 1 |a Jackson, Geoffrey